Культурный код эпохи: по следам одной выставки (Запись № 13639697)

Подробности
000 -МАРКЕР
контрольное поле 02346nam0a2200421 4500
001 - ИДЕНТИФИКАТОР ЗАПИСИ
контрольное поле RU\NLR\BIBL_A\022736561
005 - ИДЕНТИФИКАТОР ВЕРСИИ
контрольное поле 20260320133103.0
010 ## - МЕЖДУНАРОДНЫЙ СТАНДАРТНЫЙ НОМЕР КНИГИ (ISBN)
Номер (ISBN) 978-5-6051815-2-1
Тираж 300
021 ## - НОМЕР ГОСУДАРСТВЕННОЙ РЕГИСТРАЦИИ
Код страны Российская Федерация
Номер АЛ-П-25-01422и
Номер Листа государственной регистраци АЛ-П-25-0265
035 ## - ДРУГИЕ СИСТЕМНЫЕ НОМЕРА
Идентификатор записи (NLR Aleph) 022736561
100 ## - ДАННЫЕ ОБЩЕЙ ОБРАБОТКИ
Данные общей обработки 20260225d2025 u y0rusy50 ca
101 0# - ЯЗЫК РЕСУРСА
Язык текста, звукозаписи и т.д. русский
102 ## - СТРАНА ПУБЛИКАЦИИ ИЛИ ПРОИЗВОДСТВА
Страна публикации Российская Федерация
105 ## - ПОЛЕ КОДИРОВАННЫХ ДАННЫХ: ТЕКСТОВЫЕ МАТЕРИАЛЫ, МОНОГРАФИЧЕСКИЕ
Кодированные данные о монографическом текстовом документе а z 000zy
181 #0 - ПОЛЕ КОДИРОВАННЫХ ДАННЫХ: ВИД СОДЕРЖАНИЯ
Код вида содержания (ISBD) i2
Код характеристики содержания (ISBD) axxe
181 #0 - ПОЛЕ КОДИРОВАННЫХ ДАННЫХ: ВИД СОДЕРЖАНИЯ
Код вида содержания (ISBD) b1
Код характеристики содержания (ISBD) ab2e
182 #0 - ПОЛЕ КОДИРОВАННЫХ ДАННЫХ: ТИП СРЕДСТВА
Код типа средства (ISBD) n - непосредственное
200 1# - ЗАГЛАВИЕ И СВЕДЕНИЯ ОБ ОТВЕТСТВЕННОСТИ
Основное заглавие Культурный код эпохи: по следам одной выставки
Сведения, относящиеся к заглавию об участниках выставки в г. Орджоникидзе Аполлонове А. А., Корнаеве А. П., Ковтун О. М., Паршкове А. А.
Первые сведения об ответственности Иван Аполлонов, Елена Виданова, Дмитрий Гангур
203 ## - ВИД СОДЕРЖАНИЯ И ТИП СРЕДСТВА
Вид содержания Текст
-- Изображение
Дополнительные сведения об издании визуальные
Тип средства непосредственные
210 ## - ПУБЛИКАЦИЯ, РАСПРОСТРАНЕНИЕ И ДР.
Место издания, распространения и т.д. Краснодар
Имя издателя, распространителя и т. д. РДК пресс
Дата издания, распространения и т.д. 2025
215 ## - ФИЗИЧЕСКАЯ ХАРАКТЕРИСТИКА
Специфическое обозначение материала и объем 207 с.
Другие сведения о физической характеристике ил., цв. ил.
Размеры 20х20
333 ## - ПРИМЕЧАНИЯ ОБ ОСОБЕННОСТЯХ РАСПРОСТРАНЕНИЯ И ИСПОЛЬЗОВАНИЯ
Текст примечания 18+
606 1# - НАИМЕНОВАНИЕ ТЕМЫ КАК ПРЕДМЕТ
Наименование темы Изобразительное искусство русское советское
Географический подзаголовок Краснодар, город
Тематический подзаголовок Выставки
Географический подзаголовок Орджоникидзе, город (Северная Осетия)
Хронологический подзаголовок 1989
Код системы nlr_sh2
Идентификатор авторитетной/нормативной записи RU\NLR\AUTH\6601767664
686 1# - ИНДЕКСЫ ДРУГИХ КЛАССИФИКАЦИЙ
Индекс Щ103(2Р=Рус)7-692Краснодар л62
700 #1 - ИМЯ ЛИЦА - ПЕРВИЧНАЯ ОТВЕТСТВЕННОСТЬ
Начальный элемент ввода Аполлонов
Часть имени, кроме начального элемента ввода И. А.
Дополнения к именам, кроме дат д-р филос. наук
Расширение инициалов личного имени Иван Александрович
Идентификатор авторитетной/нормативной записи RU\NLR\AUTH\770184702
701 #1 - ИМЯ ЛИЦА - АЛЬТЕРНАТИВНАЯ ОТВЕТСТВЕННОСТЬ
Начальный элемент ввода Виданова
Часть имени, кроме начального элемента ввода Е. А.
Расширение инициалов личного имени Елена Алексеевна
701 #1 - ИМЯ ЛИЦА - АЛЬТЕРНАТИВНАЯ ОТВЕТСТВЕННОСТЬ
Начальный элемент ввода Гангур
Часть имени, кроме начального элемента ввода Д. И.
Расширение инициалов личного имени Дмитрий Иванович
702 #1 - ИМЯ ЛИЦА - ВТОРИЧНАЯ ОТВЕТСТВЕННОСТЬ
Начальный элемент ввода Аполлонов
Часть имени, кроме начального элемента ввода А. А.
Даты 1947-
Расширение инициалов личного имени Александр Алексеевич
Код отношения Объект посвящения
702 #1 - ИМЯ ЛИЦА - ВТОРИЧНАЯ ОТВЕТСТВЕННОСТЬ
Начальный элемент ввода Корнаев
Часть имени, кроме начального элемента ввода А. П.
Даты 1952-
Расширение инициалов личного имени Алан Петрович
Код отношения Объект посвящения
702 #1 - ИМЯ ЛИЦА - ВТОРИЧНАЯ ОТВЕТСТВЕННОСТЬ
Начальный элемент ввода Ковтун
Часть имени, кроме начального элемента ввода О. М.
Даты 1948-
Расширение инициалов личного имени Ольга Михайловна
Код отношения Объект посвящения
702 #1 - ИМЯ ЛИЦА - ВТОРИЧНАЯ ОТВЕТСТВЕННОСТЬ
Начальный элемент ввода Паршков
Часть имени, кроме начального элемента ввода А. А.
Даты 1947-
Расширение инициалов личного имени Алексей Андреевич
Код отношения Объект посвящения
711 12 - НАИМЕНОВАНИЕ ОРГАНИЗАЦИИ - АЛЬТЕРНАТИВНАЯ ОТВЕТСТВЕННОСТЬ
Начальный элемент ввода Выставка работ Аполлонова А. А., Корнаева А. П., Ковтун О. М., Паршкова А. А.
Дата проведения временной организации 1989
Место проведения временной организации Орджоникидзе
Идентификатор авторитетной/нормативной записи RU\NLR\AUTH\880639641
942 ## - ДОПОЛНИТЕЛЬНЫЕ ЭЛЕМЕНТЫ ЗАПИСИ (АБИС)
Тип экземпляра АБИС Книга
980 ## - КОЛЛЕКЦИЯ
Название коллекции Национальная библиография

Нет доступных экземпляров.